LEADER 00629nam a2200181 i 4500 001 000000103090 003 CaOOAMICUS 005 20260407163415.0 008 010914s1978 it u000 u ita u 040 $aSeMil$bita 245 10$a10: Mee-Moti. 300 $a1031 p. 773 0 $aBattaglia, Salvatore <1904-1971>$tGrande dizionario della lingua italiana.$dTorino : UTET, 1961-2009.$g10$w()6614 850 $aSeMil 852 $aSeMil$W1$xVenegono$y1$mSL1.A V 10$j269816$B59551$CSeMilBibl$Z2$F44040 $8I 961 $aSottoscrizione: UTET (Agente) 996 $6245$a10: Mee-Moti$9(OLS)http://semarc/title/149827